Biologie - horloge biologique - Statistiques

Statistiques générales
  • Ce quiz a été pris 24 fois
  • Le résultat moyen est 5 sur 15
Statistiques - réponses
Question Réponse % Correct
quelle hormone est sécrétée par la glande pinéale et joue un rôle clé dans la régulation du cycle veille/sommeil mélatonine
89%
quel neurotransmetteur est impliqué dans l’activation des sytème d’eVeil et est inhibé lors du sommeil paradoxal ? nordadrénaline
56%
Quel phénomène se produit si on fait une lésion au niveau du noyau suprachiasmatique? une perte des rythmes circadiens
44%
Quel neurotransmetteur est essentiel pour l’entrée en sommeil paradoxal? Acétylcholine
33%
Quel effet a une lésion de l’aire péri brachiale dans le tronc cérébrale ? disparition du sommeil paradoxal
33%
quel rôle joue l’adénosine dans la régulation du sommeil? elle inhibe les circuits d’éveil et favorise la somnolence
33%
Quel est le rôle du complexe per/TIM dans la boucle de régulation circadienne? il bloque l’activation transcriptionnelle par CLK/CYC
33%
quelle expérience a montré que le rythme circadien est endogène et indépendant du cycle lumière - obscurité? michel siffre dans une grotte
33%
quelle structure permet d’ajuster le cycle circadien en fonction de la lumière extérieur voie rétino-hypothalamique
33%
À quoi est due la somnolence accrue en fin de journée? accumulation d’adénosine dans le cerveau
22%
Pour finir : pourquoi la caféine empêche l’endormissement ? Elle bloque les récepteurs de l’adénosine
22%
Quel neurotransmetteur est principalement responsable de l’inhibition des circuits d’éveils et favorise l’endormissement GABA
22%
Quelle structure est responsable de la paralysie musculaire pendant le sommeil paradoxal ? Noyau magnocellulaire bulbaire
11%
Quelle est la principale structure responsable de l’horloge biologique chez les mammifères? noyau supra-chiasmatique
11%
Quel gène est impliqué dans la régulation du cycle circadien et son inhibition permet un redémarrage du cycle? Cry
0%
Aucun quiz correspondant
Distribution des résultats
% des personnes avec chaque résultat
Percentile par nombre de réponses
Votre historique - résultats
Vous n’avez pas pris ce quiz